000 01152cam a2200133 4500500
005 20260405085543.0
041 _afre
042 _adc
100 1 0 _aAdam, Jean-Michel
_eauthor
245 0 0 _aLe paragraphe : entre phrases et texte
260 _bArmand Colin,
_c2018.
520 _aUnité spécifique de l’écrit, palier intermédiaire entre l’espace linguistique de la phrase et celui du texte, le paragraphe joue un rôle important dans la lisibilité de la construction du sens. Le paragraphe et l’alinéa ont été souvent rejetés hors du champ de la linguistique et ce livre est un des rares à leur être entièrement consacré. Après une vaste mise au point, l’auteur développe une théorie générale du paragraphe et met en œuvre une méthodologie d’analyse de ses usages à des époques et dans des genres très différents : pratiques discursives journalistique, publicitaire, encyclopédique-didactique et littéraire (poème, conte, roman : de Perrault et Baudelaire à Butor et Simon).
856 4 1 _uhttps://shs.cairn.info/le-paragraphe-entre-phrases-et-texte--9782200619848?lang=fr&redirect-ssocas=7080
999 _c2198476
_d2198476